| 000 | 01149cam a22003257a 4500 | ||
|---|---|---|---|
| 003 | CHAP | ||
| 005 | 20220329140435.0 | ||
| 008 | 971013s1944 r 00010 d | ||
| 010 | _a51979 | ||
| 011 | _a52951 | ||
| 035 | _a57101 | ||
| 040 | _cCHAP | ||
| 082 |
_a332.71 _bF47 |
||
| 100 | 0 | 0 |
_aFernández y Fernández, Ramón. _940322 |
| 245 | 1 | 3 |
_aEl crédito agrícola en Estados Unidos _b: curso para post-graduados |
| 260 |
_aChapingo, Méx. : _bEscuela Nacional de Agricultura, _c1944 |
||
| 300 | _a279 p. | ||
| 590 |
_aBATCH-UPD _b10 _c20130110 _lUCH01 _h2243 |
||
| 590 |
_aBATCH-UPD _b10 _c20130410 _lUCH01 _h1537 |
||
| 590 |
_aBATCH-UPD _b10 _c20130914 _lUCH01 _h1101 |
||
| 590 |
_aCONVERSION _b10 _c20130109 _lUCH01 _h1328 |
||
| 650 | 1 | 4 |
_aCrédito agrícola _xE.U.A. _929051 |
| 901 | _aBK | ||
| 942 | _cLIBRO | ||
| 949 |
_a332.71 F47 _bBC _cLIBRO _d-124374 _eLIBRO _i57101 _si |
||
| 949 |
_a332.71 F47 _bBC _cLIBRO _d-124375 _eLIBRO _fc.2 _i57101 _si |
||
| 949 |
_a332.71 F47 _bBC _cLIBRO _d-124376 _eLIBRO _fc.3 _i57101 _si |
||
| 949 |
_a332.71 F47 _bBC _cLIBRO _d-124378 _eLIBRO _fc.4 _i57101 _si |
||
| 949 |
_a332.71 F47 _bBC _cUACH _d-124379 _eUACH _fc.5 _i57101 _si |
||
| 999 |
_c51979 _d51979 |
||